[Event "Campeonato Iberoamericano"]
[Site "Ayamonte ESP"]
[Date "2006.11.10"]
[Round "1"]
[White "Mecking, Henrique"]
[Black "Guillen Ramirez, Jose Antonio"]
[Result "1-0"]
[WhiteElo "2565"]
[BlackElo "2301"]
[PlyCount "51"]
[EventDate "2006.11.10"]
[EventType "k.o."]
[EventRounds "9"]
[EventCountry "ESP"]
[Source "lmi"]
[SourceDate "2006.11.10"]

1. d4 Nf6 2. c4 e6 3. Nf3 d5 4. Nc3 c5 5. cxd5 Nxd5 6. e4 Nxc3 7. bxc3 cxd4 8.
cxd4 Bb4+ 9. Bd2 Bxd2+ 10. Qxd2 O-O 11. Bc4 Nc6 12. O-O b6 13. Rad1 Bb7 14.
Rfe1 Rc8 15. Qf4 Na5 16. Bd3 Nc4 17. Rc1 b5 18. d5 exd5 19. e5 Qb6 20. Ng5 h6
21. Nh7 Rfd8 22. Nf6+ Kh8 23. Qf5 g6 24. Qf4 Kg7 25. e6 Rd6 26. Ne8+ 1-0

[Event "Campeonato Iberoamericano"]
[Site "Ayamonte ESP"]
[Date "2006.11.10"]
[Round "1"]
[White "Fernandes, Antonio"]
[Black "Matamoros Franco, Carlos S"]
[Result "1/2-1/2"]
[WhiteElo "2453"]
[BlackElo "2534"]
[PlyCount "32"]
[EventDate "2006.11.10"]
[EventType "k.o."]
[EventRounds "9"]
[EventCountry "ESP"]
[Source "lmi"]
[SourceDate "2006.11.10"]

1. e4 e6 2. d4 d5 3. exd5 exd5 4. Bd3 Nc6 5. c3 Bd6 6. Ne2 Qf6 7. O-O Nge7 8.
Nd2 Bf5 9. Bxf5 Qxf5 10. Re1 h5 11. Nf1 h4 12. Ne3 Qd7 13. h3 O-O-O 14. Ng4 Ng6
15. Bg5 Rde8 16. Qd3 Nce7 1/2-1/2

[Event "Campeonato Iberoamericano"]
[Site "Ayamonte ESP"]
[Date "2006.11.10"]
[Round "1"]
[White "Mateo, Ramon"]
[Black "Lopez Martinez, Josep Manuel"]
[Result "1/2-1/2"]
[WhiteElo "2415"]
[BlackElo "2508"]
[PlyCount "49"]
[EventDate "2006.11.10"]
[EventType "k.o."]
[EventRounds "9"]
[EventCountry "ESP"]
[Source "lmi"]
[SourceDate "2006.11.10"]

1. e4 c6 2. d4 d5 3. exd5 cxd5 4. c4 Nf6 5. Nc3 e6 6. Bf4 Be7 7. Nf3 O-O 8. c5
Ne4 9. Bd3 Nxc3 10. bxc3 Nc6 11. Qb1 Kh8 12. h4 Qa5 13. Qc2 b6 14. cxb6 axb6
15. O-O Ba6 16. h5 h6 17. Rfe1 Rfc8 18. Re3 Bxd3 19. Qxd3 Qa6 20. Qd2 Qc4 21.
Bxh6 gxh6 22. Rxe6 fxe6 23. Qxh6+ Kg8 24. Qg6+ Kh8 25. Qh6+ 1/2-1/2

[Event "Campeonato Iberoamericano"]
[Site "Ayamonte ESP"]
[Date "2006.11.10"]
[Round "1"]
[White "Barrero Garcia, Carlos"]
[Black "De La Riva Aguado, Oscar"]
[Result "0-1"]
[WhiteElo "2313"]
[BlackElo "2524"]
[PlyCount "100"]
[EventDate "2006.11.10"]
[EventType "k.o."]
[EventRounds "9"]
[EventCountry "ESP"]
[Source "lmi"]
[SourceDate "2006.11.10"]

1. e4 c5 2. Nf3 Nc6 3. d4 cxd4 4. Nxd4 e6 5. Nxc6 bxc6 6. Bd3 Nf6 7. O-O Qc7 8.
c4 Bd6 9. Kh1 Rb8 10. Nc3 h5 11. h3 h4 12. b3 Be5 13. Bd2 Nh5 14. Qg4 Qd6 15.
Qf3 Bf4 16. Be1 c5 17. Rd1 Bb7 18. Qg4 Nf6 19. Qe2 a6 20. Na4 Bc6 21. Bb1 Qe5
22. Bc3 Qg5 23. Nb2 Be5 24. Bxe5 Qxe5 25. Rfe1 Rh6 26. Rd2 Rg6 27. Qe3 Qh5 28.
Nd3 Nxe4 29. Nf4 Nxd2 30. Bxg6 Qg5 31. Bd3 Nxb3 32. axb3 Rxb3 33. Rb1 Rxd3 34.
Qxd3 Qxf4 35. f3 g5 36. Qh7 Ke7 37. Qg7 a5 38. Qg8 a4 39. Rb8 Qc1+ 40. Kh2 Qf4+
41. Kh1 Qe3 42. Qf8+ Kf6 43. Qh8+ Kf5 44. Rf8 Kf4 45. Rxf7+ Kg3 46. Qa1 a3 47.
Rg7 a2 48. Rg8 Bxf3 49. Rxg5+ Qxg5 50. gxf3 Qf5 0-1

[Event "Campeonato Iberoamericano"]
[Site "Ayamonte ESP"]
[Date "2006.11.10"]
[Round "1"]
[White "Zambrana, Oswaldo"]
[Black "Teran Alvarez, Ismael"]
[Result "1-0"]
[WhiteElo "2427"]
[BlackElo "2413"]
[PlyCount "75"]
[EventDate "2006.11.10"]
[EventType "k.o."]
[EventRounds "9"]
[EventCountry "ESP"]
[Source "lmi"]
[SourceDate "2006.11.10"]

1. e4 c6 2. d4 d5 3. Nd2 dxe4 4. Nxe4 Nf6 5. Nxf6+ gxf6 6. c3 Qd5 7. c4 Qe4+ 8.
Be3 Bh6 9. Qd2 Rg8 10. Ne2 Bxe3 11. fxe3 Na6 12. Nf4 c5 13. Bd3 Qc6 14. a3 Qd6
15. b4 cxd4 16. O-O Nc7 17. Bxh7 Rh8 18. c5 Qd8 19. Bc2 dxe3 20. Qxe3 Ne6 21.
Ba4+ Kf8 22. Bb3 Qc7 23. Bxe6 Bxe6 24. Qxe6 Qxf4 25. Qxe7+ Kxe7 26. Rxf4 Rh6
27. Rd1 a5 28. Re4+ Kf8 29. Rd7 axb4 30. axb4 Ra1+ 31. Kf2 f5 32. Ree7 Ra2+ 33.
Kf3 Ra3+ 34. Kf4 Rh4+ 35. Kxf5 Rh5+ 36. Kg4 Rxh2 37. Rxf7+ Kg8 38. Rf2 1-0

[Event "Campeonato Iberoamericano"]
[Site "Ayamonte ESP"]
[Date "2006.11.10"]
[Round "1"]
[White "Zuluaga, Cesar"]
[Black "Peralta, Fernando"]
[Result "1/2-1/2"]
[WhiteElo "2278"]
[BlackElo "2574"]
[PlyCount "130"]
[EventDate "2006.11.10"]
[EventType "k.o."]
[EventRounds "9"]
[EventCountry "ESP"]
[Source "lmi"]
[SourceDate "2006.11.10"]

1. d4 d5 2. Nf3 Nf6 3. Bf4 e6 4. e3 Bd6 5. Bxd6 Qxd6 6. c3 O-O 7. Nbd2 c5 8.
Be2 Nc6 9. O-O b6 10. Bb5 Bb7 11. Bxc6 Bxc6 12. Ne5 Bb5 13. Re1 a5 14. f4 Ba6
15. Qf3 Ne8 16. Rad1 f6 17. Ng4 Qd7 18. Nf1 Nd6 19. Ng3 Rad8 20. h3 Qc6 21. Kh1
Ne4 22. Nxe4 dxe4 23. Qg3 Bd3 24. Rd2 Kh8 25. Qh4 b5 26. Rf2 Qd5 27. a3 Ra8 28.
Rc1 Qf5 29. Kg1 Rfc8 30. Re1 b4 31. Nh2 cxd4 32. g4 Qd5 33. cxd4 b3 34. g5 f5
35. g6 h6 36. Nf1 Rc2 37. Ng3 Qd8 38. Qxd8+ Rxd8 39. Rd1 Rdc8 40. Rdd2 Kg8 41.
d5 R2c5 42. dxe6 Kf8 43. Ne2 Bxe2 44. Rfxe2 Rc2 45. Kf1 Ke7 46. Rd7+ Kxe6 47.
Rxg7 Kf6 48. Rb7 Kxg6 49. Rxb3 Kh5 50. Rxc2 Rxc2 51. Ke1 Kh4 52. Kd1 Rh2 53.
Rb5 Kg3 54. Kc1 a4 55. Rxf5 Kf3 56. Rh5 Kxe3 57. Rxh6 Kxf4 58. Ra6 Ke3 59. Rd6
Rxh3 60. Kc2 Rh8 61. b3 Rc8+ 62. Kb2 axb3 63. Kxb3 Rb8+ 64. Kc3 Ra8 65. Kb4
Rb8+ 1/2-1/2

[Event "Campeonato Iberoamericano"]
[Site "Ayamonte ESP"]
[Date "2006.11.10"]
[Round "1"]
[White "Mekhitarian, Krikor Sevag"]
[Black "Barria, Daniel"]
[Result "0-1"]
[WhiteElo "2425"]
[BlackElo "2426"]
[PlyCount "114"]
[EventDate "2006.11.10"]
[EventType "k.o."]
[EventRounds "9"]
[EventCountry "ESP"]
[Source "lmi"]
[SourceDate "2006.11.10"]

1. e4 c5 2. Nf3 e6 3. d4 cxd4 4. Nxd4 a6 5. Bd3 Ne7 6. c4 Nec6 7. Nf3 d6 8. O-O
Be7 9. Be3 O-O 10. Nbd2 Nd7 11. a3 b6 12. b4 Bb7 13. Be2 a5 14. b5 Nce5 15. Nd4
g5 16. h4 h6 17. g3 Kh8 18. Kh2 Rg8 19. f4 gxf4 20. gxf4 Bxh4 21. Rg1 Qf6 22.
fxe5 Qxe5+ 23. Kh1 Rg3 24. Rxg3 Qxg3 25. Bg1 Rg8 26. Qf1 Bf6 27. Nc6 Bxa1 28.
Qxa1+ Ne5 29. Bf3 Qf4 30. Nxe5 dxe5 31. Qe1 Rd8 32. Be3 Qf6 33. Bg2 Rd3 34. Nf1
Qg6 35. Bxb6 f5 36. c5 Bxe4 37. Bxe4 fxe4 38. c6 Qh5+ 39. Nh2 Rd1 40. Qg1 Rxg1+
41. Bxg1 Qd1 42. c7 Qc1 43. b6 e3 44. Kg2 e2 45. Nf3 e4 46. Ne1 Kg7 47. Bd4+
Kf7 48. Kf2 Ke7 49. Be5 Qc5+ 50. Kg2 Qc6 51. Kf2 Qc5+ 52. Kxe2 Kd7 53. b7 Qb5+
54. Ke3 Qxb7 55. Nc2 Qb3+ 56. Kd2 Qd5+ 57. Bd4 e5 0-1

[Event "Campeonato Iberoamericano"]
[Site "Ayamonte ESP"]
[Date "2006.11.11"]
[Round "2"]
[White "Barria, Daniel"]
[Black "Bruzon, Lazaro"]
[Result "0-1"]
[WhiteElo "2426"]
[BlackElo "2648"]
[PlyCount "106"]
[EventDate "2006.11.10"]
[EventType "k.o."]
[EventRounds "9"]
[EventCountry "ESP"]
[Source "lmi"]
[SourceDate "2006.11.10"]

1. d4 Nf6 2. c4 e6 3. Nf3 d5 4. Nc3 c6 5. Bg5 h6 6. Bxf6 Qxf6 7. e3 Nd7 8. Bd3
dxc4 9. Bxc4 g6 10. O-O Bg7 11. e4 e5 12. d5 O-O 13. dxc6 bxc6 14. Na4 Rb8 15.
Be2 h5 16. Qc2 Bh6 17. Rad1 Re8 18. a3 Nf8 19. b4 Ne6 20. Qxc6 Bb7 21. Qc2 Rec8
22. Qb1 Nf4 23. Rfe1 Ba6 24. Bxa6 Qxa6 25. Qb3 Ne2+ 26. Rxe2 Qxe2 27. Nxe5
Qxd1+ 28. Qxd1 Rc1 29. Qxc1 Bxc1 30. Nc6 Re8 31. f3 Bxa3 32. b5 Rc8 33. Kf1 Rc7
34. Nc3 Kf8 35. h4 Bc5 36. Na4 Bd6 37. e5 Be7 38. Ke2 Bxh4 39. Nc5 Be7 40. Nd3
Ba3 41. Nd4 Rc4 42. Nc6 Ra4 43. Kd2 Ke8 44. Kc3 Bf8 45. Kb3 Ra3+ 46. Kc4 h4 47.
Nf2 Ra2 48. Ng4 Kd7 49. Ne3 Bh6 50. Nd5 Rxg2 51. Nxa7 Rc2+ 52. Kd4 h3 53. Nf6+
Kc7 0-1

[Event "Campeonato Iberoamericano"]
[Site "Ayamonte ESP"]
[Date "2006.11.11"]
[Round "2"]
[White "Perera Casina, Antonio"]
[Black "Narciso Dublan, Marc"]
[Result "0-1"]
[WhiteElo "2124"]
[BlackElo "2511"]
[PlyCount "48"]
[EventDate "2006.11.10"]
[EventType "k.o."]
[EventRounds "9"]
[EventCountry "ESP"]
[Source "lmi"]
[SourceDate "2006.11.10"]

1. Nf3 g6 2. g3 Bg7 3. Bg2 e5 4. d3 Ne7 5. e4 Nbc6 6. O-O O-O 7. Nbd2 d6 8. c3
a5 9. a4 h6 10. Nh4 g5 11. Nhf3 f5 12. exf5 Bxf5 13. Nc4 Qd7 14. Ne3 Bh3 15.
Re1 Rf7 16. Qb3 Raf8 17. Nd1 Be6 18. Qc2 Rxf3 19. Bxf3 Rxf3 20. Be3 Rf7 21. Qd2
Bd5 22. f4 exf4 23. gxf4 Qg4+ 24. Kf1 gxf4 0-1

[Event "Campeonato Iberoamericano"]
[Site "Ayamonte ESP"]
[Date "2006.11.11"]
[Round "2"]
[White "Teran Alvarez, Ismael"]
[Black "Peralta, Fernando"]
[Result "1/2-1/2"]
[WhiteElo "2413"]
[BlackElo "2574"]
[PlyCount "82"]
[EventDate "2006.11.10"]
[EventType "k.o."]
[EventRounds "9"]
[EventCountry "ESP"]
[Source "lmi"]
[SourceDate "2006.11.10"]

1. e4 d6 2. d4 Nf6 3. Nc3 g6 4. Be3 c6 5. h3 Nbd7 6. f4 b5 7. a3 Nb6 8. Nf3 Bg7
9. Bd3 Nc4 10. Bc1 O-O 11. O-O a5 12. Qe1 Nd7 13. b3 Ncb6 14. Be3 Bb7 15. e5 b4
16. Ne4 Nd5 17. Bd2 c5 18. e6 f5 19. exd7 fxe4 20. Bxe4 Qxd7 21. axb4 cxb4 22.
Qh4 Nf6 23. Bxb7 Qxb7 24. Ng5 Qd5 25. Rae1 Qxd4+ 26. Be3 Qd5 27. Bc1 Rae8 28.
Ne6 Rf7 29. Bb2 Qh5 30. Qf2 Bh6 31. g4 Qxh3 32. g5 Ng4 33. Qg2 Qxg2+ 34. Kxg2
Bf8 35. Kg3 h5 36. gxh6 Nxh6 37. Ng5 Rf5 38. Re6 Bg7 39. Rxg6 Rf6 40. Bxf6 exf6
41. Nf3 Kf7 1/2-1/2

[Event "Campeonato Iberoamericano"]
[Site "Ayamonte ESP"]
[Date "2006.11.11"]
[Round "2"]
[White "Campora, Daniel H"]
[Black "Zuluaga, Cesar"]
[Result "1-0"]
[WhiteElo "2530"]
[BlackElo "2278"]
[PlyCount "147"]
[EventDate "2006.11.10"]
[EventType "k.o."]
[EventRounds "9"]
[EventCountry "ESP"]
[Source "lmi"]
[SourceDate "2006.11.10"]

1. g3 d5 2. Bg2 c6 3. c4 Nf6 4. Nf3 e6 5. Qc2 Nbd7 6. O-O Bd6 7. d4 O-O 8. Nc3
Re8 9. Rd1 Qe7 10. Bf4 Bxf4 11. gxf4 Nh5 12. e3 Nf8 13. Rac1 Ng6 14. Qe2 Nh4
15. Nxh4 Qxh4 16. Bf3 Nf6 17. Kh1 dxc4 18. Rg1 Bd7 19. Rg5 g6 20. Rcg1 b5 21.
Ne4 Nxe4 22. Bxe4 f5 23. Bf3 Qh6 24. Qf1 Kf7 25. R1g3 Rg8 26. h4 Be8 27. h5 Kf8
28. Kg1 Rc8 29. Qg2 Rc7 30. e4 Qg7 31. h6 Qf6 32. Kh2 Ke7 33. e5 Qf8 34. Rh3
Kd8 35. Qf1 Qb4 36. Qc1 Rd7 37. Qc3 Qxc3 38. bxc3 Rb7 39. a3 Rb6 40. Rg1 Ra6
41. Ra1 Kc7 42. Rg3 Bf7 43. Kh3 Rd8 44. Kh4 Kd7 45. Rgg1 Ke7 46. Rgb1 Be8 47.
a4 bxa4 48. Rb7+ Rd7 49. Rb4 a3 50. Be2 c5 51. dxc5 Ra5 52. c6 Rc7 53. Rb7 Kd8
54. Rb8+ Ke7 55. Bxc4 Rc5 56. Bb5 a6 57. Ba4 Rc4 58. Rb7 Kd8 59. Rd1+ Kc8 60.
Rdb1 Bxc6 61. Bxc6 R4xc6 62. Rb8+ Kd7 63. Rd1+ Ke7 64. Rh8 Rc4 65. Kg5 a2 66.
Rxh7+ Ke8 67. Rh8+ Kf7 68. Ra8 Rc8 69. Rd7+ Ke8 70. Raa7 a1=Q 71. Re7+ Kf8 72.
Rf7+ Ke8 73. Rae7+ Kd8 74. Kf6 1-0

[Event "Campeonato Iberoamericano"]
[Site "Ayamonte ESP"]
[Date "2006.11.11"]
[Round "2"]
[White "Zambrana, Oswaldo"]
[Black "Perez Candelario, Manuel"]
[Result "1/2-1/2"]
[WhiteElo "2427"]
[BlackElo "2496"]
[PlyCount "49"]
[EventDate "2006.11.10"]
[EventType "k.o."]
[EventRounds "9"]
[EventCountry "ESP"]
[Source "lmi"]
[SourceDate "2006.11.10"]

1. e4 c5 2. Nf3 e6 3. d4 cxd4 4. Nxd4 Nc6 5. Nb5 d6 6. c4 Nf6 7. N1c3 a6 8. Na3
Be7 9. Be2 O-O 10. O-O b6 11. Be3 Bb7 12. f3 Ne5 13. Qd4 Ned7 14. Rfd1 Re8 15.
Qd2 Qc7 16. Bf1 Rad8 17. Kh1 Qb8 18. Bg1 d5 19. cxd5 exd5 20. exd5 b5 21. Nc2
b4 22. Ne4 Bxd5 23. Nxf6+ Nxf6 24. Qf2 a5 25. Qb6 1/2-1/2

[Event "Campeonato Iberoamericano"]
[Site "Ayamonte ESP"]
[Date "2006.11.11"]
[Round "2"]
[White "Lopez Martinez, Josep Manuel"]
[Black "Barrero Garcia, Carlos"]
[Result "1-0"]
[WhiteElo "2508"]
[BlackElo "2313"]
[PlyCount "129"]
[EventDate "2006.11.10"]
[EventType "k.o."]
[EventRounds "9"]
[EventCountry "ESP"]
[Source "lmi"]
[SourceDate "2006.11.10"]

1. e4 e6 2. d4 d5 3. Nc3 Bb4 4. e5 Qd7 5. a3 Bxc3+ 6. bxc3 b6 7. Qg4 f5 8. Qg3
Ba6 9. Bxa6 Nxa6 10. Ne2 O-O-O 11. a4 Nb8 12. a5 Nc6 13. axb6 cxb6 14. Nf4 Na5
15. O-O g6 16. Qh4 Qf7 17. Qg5 Re8 18. h4 Qe7 19. Qg3 Nc4 20. Nd3 Qf7 21. Nb2
Nxb2 22. Bxb2 Qb7 23. c4 dxc4 24. Qc3 b5 25. Ba3 Ne7 26. Bxe7 Rxe7 27. Rfb1 Rd8
28. Ra5 Rd5 29. Qa3 Red7 30. c3 Kb8 31. Qf8+ Rd8 32. Qb4 Rc8 33. Rba1 Rc6 34.
Qf8+ Qc8 35. Qe7 Qc7 36. Qa3 b4 37. Qxb4+ Qb6 38. Qxb6+ Rxb6 39. Rxa7 Rdb5 40.
Ra8+ Kb7 41. R1a7+ Kc6 42. Rc8+ Kd5 43. Rxh7 Ke4 44. Rxc4 Rb1+ 45. Kh2 R6b2 46.
Rb4 Rxb4 47. cxb4 Kxd4 48. Rg7 Kxe5 49. Rxg6 Rxb4 50. Kh3 f4 51. f3 Rb2 52. h5
Kf5 53. Kh4 Rb1 54. Rg5+ Kf6 55. Kg4 Rg1 56. Kxf4 e5+ 57. Rxe5 Rxg2 58. Rf5+
Ke6 59. Rg5 Rh2 60. Ra5 Kf6 61. Ra6+ Kf7 62. Kg5 Rg2+ 63. Kf5 Rh2 64. Ra7+ Kg8
65. f4 1-0

[Event "Campeonato Iberoamericano"]
[Site "Ayamonte ESP"]
[Date "2006.11.11"]
[Round "2"]
[White "Fernandes, Antonio"]
[Black "Izquierdo, Daniel"]
[Result "1-0"]
[WhiteElo "2453"]
[BlackElo "2310"]
[PlyCount "107"]
[EventDate "2006.11.10"]
[EventType "k.o."]
[EventRounds "9"]
[EventCountry "ESP"]
[Source "lmi"]
[SourceDate "2006.11.10"]

1. d4 d5 2. c4 c6 3. e3 Nf6 4. Nc3 g6 5. Nf3 Bg7 6. h3 O-O 7. Be2 Nbd7 8. O-O
dxc4 9. Bxc4 Nb6 10. Bb3 Bf5 11. Qe2 Ne4 12. g4 Nxc3 13. bxc3 Bd7 14. e4 c5 15.
a4 c4 16. Bc2 a5 17. Ne5 Rc8 18. f4 Be8 19. Be3 f6 20. Nf3 Qc7 21. Qh2 e6 22.
h4 f5 23. Ng5 Qc6 24. Qg2 h6 25. Nf3 fxe4 26. Ne5 Qd6 27. Bxe4 Nd5 28. Bd2 Rf6
29. Qg3 Ne7 30. Bc1 Nc6 31. Rf2 Qd8 32. Be3 Nxe5 33. dxe5 Rf8 34. Bxb7 Bc6 35.
Bxc6 Rxc6 36. Rd2 Qb8 37. Qg2 Rb6 38. Bxb6 Qxb6+ 39. Qf2 Qb3 40. Qe3 Rc8 41.
Rad1 Qxa4 42. Rd8+ Rxd8 43. Rxd8+ Kh7 44. h5 Qa1+ 45. Kg2 Qb1 46. hxg6+ Kxg6
47. Qe2 Qb7+ 48. Kg3 Qh1 49. Rd1 Qc6 50. Qf3 Qc7 51. Rd6 Kf7 52. Qc6 Qb8 53.
Rd7+ Kf8 54. Qxe6 1-0

[Event "Campeonato Iberoamericano"]
[Site "Ayamonte ESP"]
[Date "2006.11.11"]
[Round "2"]
[White "Matamoros Franco, Carlos S"]
[Black "Guillen Ramirez, Jose Antonio"]
[Result "1-0"]
[WhiteElo "2534"]
[BlackElo "2301"]
[PlyCount "93"]
[EventDate "2006.11.10"]
[EventType "k.o."]
[EventRounds "9"]
[EventCountry "ESP"]
[Source "lmi"]
[SourceDate "2006.11.10"]

1. c4 e5 2. g3 Nc6 3. Bg2 g6 4. Nc3 Bg7 5. e4 Nge7 6. Nge2 O-O 7. d3 d6 8. O-O
Be6 9. Nd5 Qd7 10. Be3 f5 11. Qd2 Rf7 12. Rac1 Raf8 13. b4 Nd4 14. Nxd4 exd4
15. Bg5 Nc6 16. Nf4 Ne5 17. Nxe6 Qxe6 18. Rce1 h6 19. Bf4 c6 20. exf5 Qxf5 21.
Bxe5 dxe5 22. b5 Qf6 23. Qa5 h5 24. Qxa7 Bh6 25. Qc5 Kg7 26. bxc6 bxc6 27. Qxc6
Qg5 28. Qe4 Qd2 29. Re2 Qc3 30. Qxe5+ Kh7 31. Bd5 Rg7 32. Re4 Qxd3 33. Qxd4 Qc2
34. Re6 Qxa2 35. Qd3 Bg5 36. Qe2 Qxe2 37. Rxe2 Be7 38. Kg2 Bc5 39. h4 Re7 40.
Rxe7+ Bxe7 41. Rb1 Kh6 42. Rb7 Bc5 43. f3 Re8 44. Be4 Rd8 45. Rc7 Rd2+ 46. Kh3
Bd6 47. Rc6 1-0

[Event "Campeonato Iberoamericano"]
[Site "Ayamonte ESP"]
[Date "2006.11.11"]
[Round "2"]
[White "Prasca, Raphael"]
[Black "Mecking, Henrique"]
[Result "1-0"]
[WhiteElo "2448"]
[BlackElo "2565"]
[PlyCount "78"]
[EventDate "2006.11.10"]
[EventType "k.o."]
[EventRounds "9"]
[EventCountry "ESP"]
[Source "lmi"]
[SourceDate "2006.11.10"]

1. e4 c5 2. Nf3 e6 3. d4 cxd4 4. Nxd4 Nf6 5. Nc3 d6 6. g4 h6 7. Bg2 Nc6 8. h3
a6 9. Nde2 Be7 10. Be3 Qc7 11. Qd2 b5 12. O-O Bb7 13. f4 Rc8 14. a3 Na5 15. Qd3
Nc4 16. Bc1 O-O 17. b3 Nb6 18. g5 hxg5 19. fxg5 Nfd7 20. Bf4 Ne5 21. Qg3 Nbd7
22. Kh1 f5 23. Rac1 Ng6 24. Bd2 Qc5 25. exf5 Bxg2+ 26. Qxg2 Rxf5 27. Rxf5 exf5
28. Nd5 Nb6 29. c4 bxc4 30. bxc4 Nxc4 31. Bb4 Qa7 32. Nef4 Nxf4 33. Nxf4 Qe3
34. Qd5+ Kh8 35. Rxc4 Rxc4 36. Qxc4 Qf3+ 37. Kh2 Kh7 38. g6+ Kh6 39. Ng2 Bf6
1-0

[Event "Campeonato Iberoamericano"]
[Site "Ayamonte ESP"]
[Date "2006.11.11"]
[Round "2"]
[White "Fernandez Romero, Ernesto"]
[Black "Mateo, Ramon"]
[Result "1-0"]
[WhiteElo "2442"]
[BlackElo "2415"]
[PlyCount "69"]
[EventDate "2006.11.10"]
[EventType "k.o."]
[EventRounds "9"]
[EventCountry "ESP"]
[Source "lmi"]
[SourceDate "2006.11.10"]

1. e4 c5 2. Nc3 e6 3. Nf3 a6 4. d4 cxd4 5. Nxd4 b5 6. Bd3 Qb6 7. Nf3 Bb7 8. O-O
d6 9. a4 b4 10. a5 Qc7 11. Na4 Nd7 12. Be3 Ngf6 13. Nb6 Rb8 14. Qe2 Be7 15. Nd2
d5 16. Nxd7 Nxd7 17. Bxa6 Bc6 18. Bd3 Bd6 19. h3 O-O 20. exd5 Bxd5 21. Nc4 f5
22. Nxd6 Qxd6 23. f4 Nf6 24. a6 Ne4 25. a7 Ra8 26. Rfd1 Qc7 27. Qe1 g5 28. fxg5
f4 29. Bd4 Qb7 30. g6 e5 31. gxh7+ Qxh7 32. Ra5 f3 33. Bxe4 Bxe4 34. Rxe5 Rae8
35. Qg3+ 1-0

[Event "Campeonato Iberoamericano"]
[Site "Ayamonte ESP"]
[Date "2006.11.12"]
[Round "3"]
[White "Vera, Reynaldo"]
[Black "Barria, Daniel"]
[Result "1/2-1/2"]
[WhiteElo "2510"]
[BlackElo "2426"]
[PlyCount "63"]
[EventDate "2006.11.10"]
[EventType "k.o."]
[EventRounds "9"]
[EventCountry "ESP"]
[Source "lmi"]
[SourceDate "2006.11.10"]

1. d4 Nf6 2. c4 e6 3. Nc3 Bb4 4. Qc2 O-O 5. a3 Bxc3+ 6. Qxc3 b6 7. Nf3 c5 8. e3
Bb7 9. Be2 d6 10. O-O Nbd7 11. b4 Qc7 12. dxc5 dxc5 13. Bb2 Rfe8 14. Rfd1 e5
15. Nh4 Ne4 16. Qe1 Nf8 17. Nf5 Bc8 18. Ng3 Nxg3 19. hxg3 Bb7 20. Qc3 Re6 21.
Rd2 Rae8 22. Rad1 Rh6 23. f3 f5 24. Kf2 Qe7 25. bxc5 bxc5 26. Bf1 f4 27. exf4
exf4 28. gxf4 Qh4+ 29. Kg1 Qh2+ 30. Kf2 Qh4+ 31. Kg1 Qh2+ 32. Kf2 1/2-1/2

[Event "Campeonato Iberoamericano"]
[Site "Ayamonte ESP"]
[Date "2006.11.12"]
[Round "3"]
[White "Narciso Dublan, Marc"]
[Black "Mekhitarian, Krikor Sevag"]
[Result "0-1"]
[WhiteElo "2511"]
[BlackElo "2425"]
[PlyCount "160"]
[EventDate "2006.11.10"]
[EventType "k.o."]
[EventRounds "9"]
[EventCountry "ESP"]
[Source "lmi"]
[SourceDate "2006.11.10"]

1. d4 Nf6 2. c4 e6 3. Nf3 b6 4. Bf4 Bb7 5. e3 Bb4+ 6. Nbd2 O-O 7. Bd3 d5 8. O-O
c5 9. dxc5 Bxc5 10. Qe2 Nbd7 11. Rac1 Qe7 12. cxd5 e5 13. Bg5 Bxd5 14. Ne4 h6
15. Bxf6 Nxf6 16. Nxc5 bxc5 17. Bc4 Bb7 18. Nd2 a5 19. Rc2 a4 20. a3 Bc6 21.
Rfc1 Qb7 22. f3 e4 23. f4 Nd7 24. Qh5 Ra5 25. Qh4 Nf6 26. Qe1 Raa8 27. Ba2 Bd7
28. h3 Rfd8 29. Kh2 Qb8 30. Kh1 Ra7 31. Rd1 Rb7 32. Nc4 Be6 33. Rxd8+ Qxd8 34.
Rd2 Qb8 35. Qd1 Kh7 36. Qxa4 Bxc4 37. Qxc4 Rxb2 38. Qc1 Rxd2 39. Qxd2 Qa7 40.
Qc3 h5 41. Bc4 h4 42. Qe1 Qxa3 43. Bxf7 g6 44. Kh2 Kg7 45. Be6 Qa6 46. f5 Qd6+
47. Kg1 gxf5 48. Bxf5 Qe5 49. Bc8 c4 50. Qb4 c3 51. Qb7+ Kg6 52. Qc6 Kg5 53.
Bb7 Qb8 54. Qc5+ Kg6 55. Bc8 Qb1+ 56. Kh2 Qe1 57. Bf5+ Kh6 58. Qf8+ Kg5 59. Be6
Qg3+ 60. Kh1 Qc7 61. Bf7 Kf5 62. Qg7 Qg3 63. Qf8 Qe1+ 64. Kh2 Qxe3 65. Bb3 Qd4
66. Qc8+ Kg5 67. Qc7 Kf5 68. Qc8+ Kf4 69. Qf8 e3 70. Qh6+ Ke5 71. Qg7 Kd6 72.
Qf8+ Kc7 73. Qe7+ Nd7 74. Kh1 Qe5 75. Qxh4 e2 76. Qe1 Qe3 77. h4 Qd2 78. Qg3+
Kb6 79. Qf2+ Nc5 80. Qf6+ Ka5 0-1

[Event "Campeonato Iberoamericano"]
[Site "Ayamonte ESP"]
[Date "2006.11.12"]
[Round "3"]
[White "Perez Candelario, Manuel"]
[Black "Teran Alvarez, Ismael"]
[Result "1-0"]
[WhiteElo "2496"]
[BlackElo "2413"]
[PlyCount "77"]
[EventDate "2006.11.10"]
[EventType "k.o."]
[EventRounds "9"]
[EventCountry "ESP"]
[Source "lmi"]
[SourceDate "2006.11.10"]

1. e4 g6 2. d4 Bg7 3. Nf3 d6 4. Bc4 Nf6 5. Qe2 O-O 6. O-O Bg4 7. e5 Ne8 8. Nbd2
Nc6 9. Qe3 d5 10. Be2 f6 11. h3 Bxf3 12. Nxf3 Qd7 13. c4 Kh8 14. Bd2 dxc4 15.
Bxc4 fxe5 16. dxe5 Rxf3 17. Qxf3 Nxe5 18. Qxb7 Rd8 19. Be2 Nd6 20. Qxa7 Ne4 21.
Be3 Rf8 22. Rad1 Qc6 23. Rc1 Qf6 24. Rxc7 Qh4 25. Rfc1 Nd6 26. Rxe7 Nf5 27.
Rxg7 Nxg7 28. Bd4 Qf4 29. Rc7 Ne6 30. Rxh7+ Kg8 31. Be3 Qb4 32. Rh6 Rf7 33.
Qa8+ Nf8 34. Qd5 Qxb2 35. Bc4 Kg7 36. Bb3 Nfd7 37. Rh4 Qb1+ 38. Kh2 Qe1 39.
Bh6+ 1-0

[Event "Campeonato Iberoamericano"]
[Site "Ayamonte ESP"]
[Date "2006.11.12"]
[Round "3"]
[White "Zuluaga, Cesar"]
[Black "Zambrana, Oswaldo"]
[Result "1/2-1/2"]
[WhiteElo "2278"]
[BlackElo "2427"]
[PlyCount "121"]
[EventDate "2006.11.10"]
[EventType "k.o."]
[EventRounds "9"]
[EventCountry "ESP"]
[Source "lmi"]
[SourceDate "2006.11.10"]

1. d4 d5 2. Nf3 Nf6 3. Bf4 e6 4. e3 Bd6 5. Nbd2 O-O 6. Bd3 c5 7. dxc5 Bxf4 8.
exf4 Qc7 9. g3 Qxc5 10. O-O Qb6 11. Rb1 Nbd7 12. b4 a5 13. a3 Qc7 14. Qe2 axb4
15. axb4 b6 16. Rfc1 Bb7 17. Ne5 Rfc8 18. g4 g6 19. h3 Ra2 20. Qe3 Nxe5 21.
fxe5 Nd7 22. Re1 Ba6 23. b5 Bb7 24. Nf3 Kg7 25. h4 Nc5 26. Qf4 Qd8 27. Ra1 Rxa1
28. Rxa1 d4 29. Qf6+ Qxf6 30. exf6+ Kxf6 31. g5+ Kg7 32. Nxd4 e5 33. Ne2 Nxd3
34. cxd3 Rc2 35. Ng3 Rb2 36. Ra7 Bf3 37. Ne4 Rb1+ 38. Kh2 Bxe4 39. dxe4 Rxb5
40. Kg3 Kf8 41. Rb7 Rb4 42. f3 Rb2 43. Kh3 b5 44. Kg3 Rb1 45. Kg2 Ke8 46. Kf2
b4 47. Rb5 b3 48. Rxe5+ Kd7 49. Rb5 Kc6 50. Rb8 Kc5 51. Kg2 Kd4 52. Rb7 Rb2+
53. Kg3 Rb1 54. Kg2 Ke3 55. Rb6 Rb2+ 56. Kg3 Kd3 57. Rb7 Rb1 58. Kg2 Rb2+ 59.
Kg3 Rb1 60. Kg2 Rb2+ 61. Kg3 1/2-1/2